Catálogo

The happiness hypothesis : (Registro nro. 67224)

Detalles MARC
000 -LEADER
fixed length control field 00811nam a2200253 u 4500
001 - CONTROL NUMBER
control field 67224
005 - DATE AND TIME OF LATEST TRANSACTION
control field 20260206150934.0
008 - FIXED-LENGTH DATA ELEMENTS--GENERAL INFORMATION
fixed length control field 170421s2006 xxu r 000 0 eng d
020 ## - INTERNATIONAL STANDARD BOOK NUMBER
International Standard Book Number 9780465028023
040 ## - CATALOGING SOURCE
Description conventions rda
041 0# - LANGUAGE CODE
Language code of text/sound track or separate title eng
082 0# - DEWEY DECIMAL CLASSIFICATION NUMBER
Classification number 170
Item number HAI
100 1# - MAIN ENTRY--PERSONAL NAME
Personal name Haidt, Jonathan,
Dates associated with a name 1963-
Relator term autor
9 (RLIN) 4221
245 14 - TITLE STATEMENT
Title The happiness hypothesis :
Remainder of title finding modern truth in ancient wisdom /
Statement of responsibility, etc. Jonathan Haidt.
250 ## - EDITION STATEMENT
Edition statement [First edition]
264 #1 - PRODUCTION, PUBLICATION, DISTRIBUTION, MANUFACTURE, AND COPYRIGHT NOTICE
Place of production, publication, distribution, manufacture United States of America:
Name of producer, publisher, distributor, manufacturer Basic Books,
Date of production, publication, distribution, manufacture, or copyright notice 2006
300 ## - PHYSICAL DESCRIPTION
Extent xiii, 297 páginas ;
Dimensions 23 cm.
336 ## - CONTENT TYPE
Content type term texto
Source rdacontent
Content type code txt
337 ## - MEDIA TYPE
Media type term sin medio
Source rdamedia
Media type code n
338 ## - CARRIER TYPE
Carrier type term volumen
Source rdacarrier
Carrier type code nc
500 ## - GENERAL NOTE
General note Encontrar la verdad moderna en la sabiduría antigua
650 #4 - SUBJECT ADDED ENTRY--TOPICAL TERM
Topical term or geographic name entry element Felicidad
942 ## - ADDED ENTRY ELEMENTS (KOHA)
Classification part 170
Item part HAI
Koha item type Libro
Existencias
Withdrawn status Lost status Source of classification or shelving scheme Damaged status Not for loan Collection code Home library Current library Shelving location Date acquired Source of acquisition Total Checkouts Full call number Barcode Checked out Date last seen Date last checked out Price effective from Koha item type
    Dewey Decimal Classification     Magisterial Biblioteca Karol Wojtyla Biblioteca Karol Wojtyla Módulo de circulación 21/04/2017 Compra 1 170 HAI 2006 97570 17/05/2017 17/05/2017 17/05/2017 14/06/2017 Magisterial